Application of the United Nations framework classification for resources : case studies (Record no. 34526)

MARC details
000 -LEADER
fixed length control field 01066nam a2200301 a 4500
003 - CONTROL NUMBER IDENTIFIER
control field CBULib
005 - DATE AND TIME OF LATEST TRANSACTION
control field 20240820101155.0
008 - FIXED-LENGTH DATA ELEMENTS--GENERAL INFORMATION
fixed length control field 210107s2019 ||||||||||||||||| || u
020 ## - INTERNATIONAL STANDARD BOOK NUMBER
International Standard Book Number 9789211172218
020 ## - INTERNATIONAL STANDARD BOOK NUMBER
International Standard Book Number 9211172217
040 ## - CATALOGING SOURCE
Original cataloging agency CBULib
Language of cataloging English
Transcribing agency CBULib
Modifying agency CBULib
Description conventions rda
050 ## - LIBRARY OF CONGRESS CALL NUMBER
Classification number UNECE(02)2019/16
110 ## - MAIN ENTRY--CORPORATE NAME
Corporate name or jurisdiction name as entry element United Nations. Economic Commission for Europe(UNECE)
245 10 - TITLE STATEMENT
Title Application of the United Nations framework classification for resources : case studies
Statement of responsibility, etc United Nations Economic Commission for Europe.
260 ## - PUBLICATION, DISTRIBUTION, ETC. (IMPRINT)
Place of publication, distribution, etc Geneva
Name of publisher, distributor, etc UNITED NATIONS
Date of publication, distribution, etc 2019
300 ## - PHYSICAL DESCRIPTION
Extent xiii, 193 pages : illustrations
336 ## - CONTENT TYPE
Source rdacontent
336 ## - CONTENT TYPE
Content type term Text |
Source rdacontent
Content type code txt
337 ## - MEDIA TYPE
Media type term Unmediated |
Source rdamedia
Media type code n
338 ## - CARRIER TYPE
Carrier type term Volume
Source rdacarrier
Carrier type code nc
490 ## - SERIES STATEMENT
Series statement ECE energy series
490 ## - SERIES STATEMENT
Volume number/sequential designation no. 58
500 ## - GENERAL NOTE
General note Includes bibliographical references.
650 #0 - SUBJECT ADDED ENTRY--TOPICAL TERM
Topical term or geographic name as entry element ENERGY POLICY--CASE STUDIES
9 (RLIN) 3362
650 #0 - SUBJECT ADDED ENTRY--TOPICAL TERM
Topical term or geographic name as entry element POWER RESOURCES--CASE STUDIES
9 (RLIN) 3363
942 ## - ADDED ENTRY ELEMENTS (KOHA)
Source of classification or shelving scheme
Koha item type INTERNATIONAL PUBLICATIONS
Holdings
Withdrawn status Lost status Source of classification or shelving scheme Damaged status Not for loan Collection code Permanent Location Current Location Shelving location Date acquired Source of acquisition Full call number Barcode Date last seen Price effective from Koha item type
          Special Collections CBU-MAIN LIBRARY, KITWE. CBU-MAIN LIBRARY, KITWE. Special Collections 11/30/2022 DEP-UNECE UNECE(02)2019/16 B4336 11/30/2022 11/30/2022 INTERNATIONAL PUBLICATIONS